| 000 | 00469nam a2200193Ia 4500 | ||
|---|---|---|---|
| 008 | 170918s9999 xx 000 0 und d | ||
| 020 | _a9780439351546 | ||
| 050 | _bA655 2002 | ||
| 100 | _aApte, Sunita | ||
| 245 | _aSir Arthur / | ||
| 245 | _cSunita Apte ; illustrated by Chris Kotsakis. | ||
| 260 | _aNew York : | ||
| 260 | _bScholastic, | ||
| 260 | _c2002 | ||
| 300 | _a16 pages : | ||
| 300 | _bcolored illustration ; | ||
| 300 | _c24cm. | ||
| 500 | _a450 | ||
| 999 |
_c341449 _d341449 |
||